Prodej automobilů v novější soutěžní judikatuře Soudního dvora EU

Skúmanie novej súťažnej judikatúry EÚ, medzi automobilkami a ich distribútormi, a to tak, aby v jej analýze našli praktici podstatnú a stále platnú informáciu o tom, kde sa nachádzajú hranice medzi zakázaným právom a dovoleným konaním v hospodárskej súťaži.

Gespeichert in:
Bibliographische Detailangaben
1. Verfasser: Šmejkal, Václav
Format: Buchkapitel
Sprache:Tschechisch
Schlagworte:
Tags: Tag hinzufügen
Keine Tags, Fügen Sie das erste Tag hinzu!

MARC

LEADER 00000naa a2200000 4500
001 0277806
005 20210812125014.8
041 0 |a cze 
044 |a CZ 
245 1 0 |a Prodej automobilů v novější soutěžní judikatuře Soudního dvora EU  |c Václav Šmejkal 
520 |a Skúmanie novej súťažnej judikatúry EÚ, medzi automobilkami a ich distribútormi, a to tak, aby v jej analýze našli praktici podstatnú a stále platnú informáciu o tom, kde sa nachádzajú hranice medzi zakázaným právom a dovoleným konaním v hospodárskej súťaži. 
610 2 0 |a právo súťažné 
610 2 0 |a automobily 
610 2 0 |a Súdny dvor Európskej únie 
610 2 0 |a ochrana súťaže hospodárskej 
610 2 0 |a distribúcia 
100 1 |a Šmejkal, Václav